000 nam a22 7a 4500
999 _c44993
_d44993
003 OSt
005 20190402105907.0
008 190402b xxu||||| |||| 00| 0 eng d
040 _cIIMT UNIVERSITY
100 _aGUPTA J M L
245 _aTHERMAL ENGINEERING
250 _a1 ED
300 _a583
942 _2ddc
_c09
_e1 ED